Central Library OPAC University of Rajshahi

The Macmillan handbook of English / (Record no. 50360)

MARC details
000 -LEADER
fixed length control field 00804nam a22002652a 4500
001 - CONTROL NUMBER
control field 50360
003 - CONTROL NUMBER IDENTIFIER
rucl marc code BD-RjUL
005 - DATE AND TIME OF LATEST TRANSACTION
control field 20211209075509.0
008 - FIXED-LENGTH DATA ELEMENTS--GENERAL INFORMATION
fixed length control field 160824s1960 nyu b 001 0 eng d
035 ## - SYSTEM CONTROL NUMBER
System control number (BD-RjUL)50480
040 ## - CATALOGING SOURCE
Original cataloging agency DLC
Transcribing agency WSU
Modifying agency SER
-- UKM
-- BD-RjUL
-- EQO
Language of cataloging eng
041 ## - LANGUAGE CODE
Language code of text/sound track or separate title eng
082 ## - DEWEY DECIMAL CLASSIFICATION NUMBER
Classification number 808
Author mark and year KIM 1960
100 1# - MAIN ENTRY--PERSONAL NAME
Personal name Kierzek, John M.,
Dates associated with a name 1891-
9 (RLIN) 150907
245 14 - TITLE STATEMENT
Title The Macmillan handbook of English /
Statement of responsibility, etc. by John M. Kierzek and Walker Gibson
250 ## - EDITION STATEMENT
Edition statement 4th ed.
260 ## - PUBLICATION, DISTRIBUTION, ETC. (IMPRINT)
Place of publication, distribution, etc. New York :
Name of publisher, distributor, etc. Macmillan,
Date of publication, distribution, etc. c1960
300 ## - PHYSICAL DESCRIPTION
Pagination xxi, 489 p. ;
Size 21 cm.
504 ## - BIBLIOGRAPHY, ETC. NOTE
Bibliography, etc Include Index
650 #0 - SUBJECT ADDED ENTRY--TOPICAL TERM
Topical term or geographic name as entry element English language
General subdivision Rhetoric
9 (RLIN) 150908
Topical term or geographic name as entry element Authorship
Form subdivision Handbooks, manuals, etc.
9 (RLIN) 127747
700 1# - ADDED ENTRY--PERSONAL NAME
Personal name Gibson, W. Walker.
942 ## - ADDED ENTRY ELEMENTS (KOHA)
Source of classification or shelving scheme Dewey Decimal Classification
Koha item type Books
Holdings
Lost status Source of classification or shelving scheme Damaged status Not for loan Collection code Permanent Location Current Location Shelving location Date acquired Source of acquisition Cost, normal purchase price Total Checkouts Full call number Date last seen Copy number Koha item type
  Dewey Decimal Classification   Not For Loan Non-fiction Central Library, University of Rajshahi Central Library, University of Rajshahi Reading Room 09/07/1962 Zeithinger 12.00   808 KIM 1960 24/08/2016 C-1 Books